| 000 | 00633nam a22001815i 4500 | ||
|---|---|---|---|
| 001 | 161690 | ||
| 003 | ES-MaACL | ||
| 005 | 20251116063110.0 | ||
| 008 | 990617s1873 sp |||| | spa d | ||
| 040 |
_aCCPB | B _bspa _cCCPB | B |
||
| 100 | 1 |
_aPeñaranda Carlos, _d1848-1908 _9131101 |
|
| 245 | 1 | 0 |
_aBrisas de Otoño / _cCarlos Peñaranda. |
| 260 |
_aCartagena : _b[s.n.], _c1873 ( _fImp. y Lit. de L. Montells) |
||
| 300 |
_a85 p. ; _c14 cm. |
||
| 510 | 4 |
_aPalau, _ct. XII, 217686-IV |
|
| 852 |
_aES-MaACL _jT-212-F-7 _z-- Enc. hol. _q-- Falto de la cub. original _z-- Enc. eun vol. facticio |
||
| 999 |
_c161690 _d161690 |
||